000
00328nam a2200145Ia 4500
008
150201s2009 xx 000 0 und d
082
_a
617.7
_b
O09Y
100
_a
YONOFF,M
245
_a
OPHTHALMOLOGY
250
_a
3RD
260
_b
MOSBY ELSEVIER
_a
DELHI
_c
2009
300
_a
1-1528
650
_a
OPHTHALMOLOGY
942
_2
ddc
_c
BK
999
_c
432
_d
432